| 000 | 00865nam a22002297a 4500 | ||
|---|---|---|---|
| 999 |
_c144281 _d144281 |
||
| 005 | 20230724150102.0 | ||
| 010 | _a1718EN-30 ENG-121708 | ||
| 020 |
_a9789351507314 _c395.00 |
||
| 035 | _aEN-105240 | ||
| 035 | _aB-682745-759 | ||
| 037 | _bAakar/Ven. | ||
| 037 | _bDBAD/PUB | ||
| 082 | _a646.7 | ||
| 100 | _aWadkar, Alka | ||
| 245 |
_aLife skills for success/ _cby Alka Wadkar |
||
| 260 |
_aNew Delhi _bSAGE Publications _c2016 |
||
| 270 |
_aB1/I-1 Mohan Cooperative Industrial Area, Mathura Road _bNew Delhi _e110044 |
||
| 300 |
_axvi,406p.: _c24cm(pbk) |
||
| 500 | _aIncludes bibliographical references and index | ||
| 942 |
_2ddc _cEN _mWAD _h646.7 |
||